01102nam a22001697a 45000010005000000030006000050050017000110080041000280200018000690400029000870820011001161000018001272450080001452600037002253000048002625200622003108744FISKH20251016141907.0251016b cb ||||| |||| 00| 0 eng d a9780230724778 aFISKHbengcFISKHdFISKH a 428.4 aMiles Craven  aReading keys : Skills and strategies for effective reading /cMiles Craven  aNew York : bMacmillan, c2009.  a156 pages : bcolor illustrations ;c26 cm aReading Keys Level 1 Student Book (New Edition) by Miles Craven is a skills-based reading course designed for adult and young adult learners of English at beginner to pre-intermediate levels. The book features 16 topic-based units organized under engaging themes, offering authentic reading texts, vocabulary development, comprehension practice, and grammar support through its “Spotlight on Grammar” sections. It aims to help learners build confidence, expand vocabulary, and strengthen reading strategies such as skimming, scanning, and understanding main ideas—all within meaningful and motivating contexts.